Catálogo público

Los tarahumaras (Record no. 107343)

MARC details
000 -CABECERA
campo de control de longitud fija 01256nam a2200361 a 4500
001 - NÚMERO DE CONTROL
campo de control 000110881
003 - IDENTIFICADOR DEL NÚMERO DE CONTROL
campo de control CHAP
005 - FECHA Y HORA DE LA ÚLTIMA TRANSACCIÓN
campo de control 20220329144149.0
008 - DATOS DE LONGITUD FIJA--INFORMACIÓN GENERAL
campo de control de longitud fija 141017s2014 mx a fsm |||||||spa d
010 ## - NÚMERO DE CONTROL DE LA BIBLIOTECA DEL CONGRESO
Número de control de LC 107343
011 ## - ENLACE DEL NUMERO DE CONTROL DE LA BIBLIOTECA DEL CONGRESO [OBSOLETO]
Número de control de LC 108315
040 ## - FUENTE DE LA CATALOGACIÓN
Centro/agencia transcriptor CHAP
090 ## - LOCALMENTE ASIGNADO TIPO-LC NÚMERO DE CLASIFICACIÓN (OCLC); NÚMERO DE CLASIFICACIÓN LOCAL (RLIN)
Número de clasificación (OCLC) (R) ; Numero de clasificación, CALL (RLIN) (NR) Tesis
100 1# - ENTRADA PRINCIPAL--NOMBRE DE PERSONA
Nombre de persona Arellanes Martínez, Refugio
9 (RLIN) 128635
245 14 - MENCIÓN DE TÍTULO
Título Los tarahumaras
Medio [En línea]
Mención de responsabilidad, etc. por Refugio Arellanes Martínez.
260 ## - PUBLICACIÓN, DISTRIBUCIÓN, ETC.
Lugar de publicación, distribución, etc. Chapingo, Méx. :
Nombre del editor, distribuidor, etc. El autor,
Fecha de publicación, distribución, etc. 2014.
500 ## - NOTA GENERAL
Nota general Para ver el contenido del material haga clic en la liga
502 ## - NOTA DE TESIS
Nota de tesis Tesis (Ing. Agr. Esp. en Sociología Rural) -- UACH. Departamento de Sociología Rural
590 ## - NOTA LOCAL (RLIN)
Nota local BATCH
Procedencia (VM) [OBSOLETO] 00
Condición del los carretes individuales (VM) [OBSOLETO] 20181121
-- UCH01
-- 0758
590 ## - NOTA LOCAL (RLIN)
Nota local E11695DGD
Procedencia (VM) [OBSOLETO] 10
Condición del los carretes individuales (VM) [OBSOLETO] 20141017
-- UCH01
-- 1346
590 ## - NOTA LOCAL (RLIN)
Nota local E11695DGD
Procedencia (VM) [OBSOLETO] 10
Condición del los carretes individuales (VM) [OBSOLETO] 20141017
-- UCH01
-- 1408
590 ## - NOTA LOCAL (RLIN)
Nota local E5995AHE
Procedencia (VM) [OBSOLETO] 05
Condición del los carretes individuales (VM) [OBSOLETO] 20141017
-- UCH01
-- 1054
590 ## - NOTA LOCAL (RLIN)
Nota local E5995AHE
Procedencia (VM) [OBSOLETO] 05
Condición del los carretes individuales (VM) [OBSOLETO] 20141017
-- UCH01
-- 1054
650 14 - PUNTO DE ACCESO ADICIONAL DE MATERIA--TÉRMINO DE MATERIA
Término de materia o nombre geográfico como elemento de entrada Alimentación.
9 (RLIN) 4109
650 14 - PUNTO DE ACCESO ADICIONAL DE MATERIA--TÉRMINO DE MATERIA
Término de materia o nombre geográfico como elemento de entrada Indios de México
Subdivisión general Agricultura.
9 (RLIN) 57623
650 14 - PUNTO DE ACCESO ADICIONAL DE MATERIA--TÉRMINO DE MATERIA
Término de materia o nombre geográfico como elemento de entrada Tarahumaras
Subdivisión general Economía.
9 (RLIN) 128200
650 14 - PUNTO DE ACCESO ADICIONAL DE MATERIA--TÉRMINO DE MATERIA
Término de materia o nombre geográfico como elemento de entrada Tarahumaras
Subdivisión general Vida social y costumbres.
9 (RLIN) 128198
856 ## - LOCALIZACIÓN Y ACCESO ELECTRÓNICOS
Nombre del host 1
Nombre de la localización del host 0000470
856 ## - LOCALIZACIÓN Y ACCESO ELECTRÓNICOS
Nombre del host Finding aid
Identificador Uniforme del Recurso <a href="http://10.13.5.2/tesis/sist110881.pdf">http://10.13.5.2/tesis/sist110881.pdf</a>
Nota pública Teclea aquí
901 ## - ELEMENTOS DE DATOS A LOCAL LDA (RLIN)
a BK
942 ## - ELEMENTOS DE PUNTO DE ACCESO ADICIONAL (KOHA)
Tipo de ítem Koha Tesis
942 ## - ELEMENTOS DE PUNTO DE ACCESO ADICIONAL (KOHA)
Suprimir en OPAC 0
Holdings
Estado de retiro Estado de pérdida Estado dañado Restricciones de uso No para préstamo Código de colección Localización permanente Ubicación/localización actual Fecha de adquisición Información codificada de la localización en otra ubicación Total de préstamos Signatura topográfica completa Código de barras Fecha visto por última vez Precio válido a partir de Tipo de ítem Koha Nota pública Fuente del sistema de clasificación o colocación Ubicación en estantería Número de copia
      Préstamo interno2 Excluido de préstamo Tesis Biblioteca Central Biblioteca Central 17/10/2014 TESIS   Tesis 33724002424637 31/12/2019 31/12/2019 Tesis Recien adquirido      
      Préstamo 3 días   Tesis Biblioteca Central Biblioteca Central 17/10/2014 TESIS   Tesis 33724002424678 31/12/2019 31/12/2019 Tesis   Clasificación Universidad Autónoma de Chapingo Planta alta - Área de Tesis - Tesis c.2